| 000 | 00854cab a2200241 4500 | ||
|---|---|---|---|
| 001 | WB2913-56 | ||
| 008 | 090401t1993 xxu||||| |||| 00| 0 eng d | ||
| 035 | _a(Sirsi) u41636 | ||
| 041 | _aeng | ||
| 100 | _aMason, L. | ||
| 245 | _aWaste licence rules | ||
| 260 | _c1993 | ||
| 350 | _a0 | ||
| 490 |
_aFarmers' Weekly _v118(13) 26 March 1993, 12(1) |
||
| 520 | _aThe NFU is claiming that the DoE is not being helpful in interpreting the waste management licensing rules which will be introduced on 1 June. Although the rules apply to non-agricultural waste they do affect storage of a range of by-products on farms such as sugar beet pulp and railway sleepers. | ||
| 650 | _aFARM WASTE | ||
| 650 | _aFERTILISERS | ||
| 650 | _aFOOD PROCESSING | ||
| 650 | _aWASTE MANAGEMENT | ||
| 690 | _aRURAL PRACTICE | ||
| 942 | _n0 | ||
| 948 | _c04/03/1997 | ||
| 999 |
_c26725 _d26725 |
||